000 00334nam a2200133Ia 4500
008 221030s9999 xx 000 0 und d
041 _aEnglish
082 _a105.23
100 _aN. V. Suryanarayana
245 0 _aElecrrical Measurements & Measuring Instruments
_cby N. V. Suryanarayana
260 _c0
650 _aB
942 _cBK
999 _c13385
_d13385